000 00478nam a2200181Ia 4500
003 GCL
008 140319s9999 xx 000 0 eng d
040 _aGCL /
_cGCL
082 0 4 _a759
_bB D
100 1 _aBRONSTEIN,LEO
245 1 0 _aDOMENICOS THE OTOCOPOULOS)31 GRECO /
_cBRONSTEIN,LEO
260 _a[S.N] :
_bTHAMES AND HUDSON ،
_c1991
300 _a127P
650 0 4 _aART, BYZANTINE
650 0 4 _aTHEOTOCOPULOS,DOMENICOS EL
650 0 4 _aICON PAINTER
942 _2ddc
_cBK
999 _c11992
_d11992